Catálogo

Vista normal Vista MARC

Entrada Personal Name

Número de registros utilizados en: 1

001 - CONTROL NUMBER

  • control field: 16638

003 - CONTROL NUMBER IDENTIFIER

  • control field: DLC

005 - DATE AND TIME OF LATEST TRANSACTION

  • control field: 20241220094309.0

008 - FIXED-LENGTH DATA ELEMENTS

  • fixed length control field: 801007n| azannaabn |a aaa

010 ## - LIBRARY OF CONGRESS CONTROL NUMBER

  • LC control number: n 50057120

035 ## - SYSTEM CONTROL NUMBER

  • System control number: (OCoLC)oca00091756

040 ## - CATALOGING SOURCE

  • Original cataloging agency: DLC
  • Language of cataloging: spa
  • Description conventions: rda
  • Transcribing agency: Mx-PuUPA
  • Modifying agency: DLC
  • Modifying agency: OCoLC
  • Modifying agency: FMFIU
  • Modifying agency: DLC
  • Modifying agency: OCoLC
  • Modifying agency: Mx-PuUPA

046 ## - SPECIAL CODED DATES

  • Birth date: 19340609
  • Death date: 19861208
  • Source of date scheme: edtf

100 1# - HEADING--PERSONAL NAME

  • Personal name: Silva Michelena, José Agustín,
  • Dates associated with a name: 1934-1986

370 ## - ASSOCIATED PLACE

  • Place of birth: Caracas, Venezuela

374 ## - OCCUPATION

  • Occupation: Sociólogo
  • Occupation: Autor

375 ## - GENDER

  • Gender: hombre

377 ## - ASSOCIATED LANGUAGE

  • Language code: spa

400 1# - SEE FROM TRACING--PERSONAL NAME

  • Personal name: Michelena, J. A. Silva-
  • Fuller form of name: (José Agustín Silva-)
  • Dates associated with a name: 1934-1986

400 1# - SEE FROM TRACING--PERSONAL NAME

  • Personal name: Michelena, José Agustín Silva
  • Dates associated with a name: 1934-1986

400 1# - SEE FROM TRACING--PERSONAL NAME

  • Personal name: Silva-Michelena, J. A.
  • Fuller form of name: (José Agustín)
  • Dates associated with a name: 1934-1986

670 ## - SOURCE DATA FOUND

  • Source citation: His El estado actual de las ciencias sociales en Venezuela, 1960.

670 ## - SOURCE DATA FOUND

  • Source citation: Paz, seguridad y desarrollo en América Latina, 1987:
  • Information found: t.p. (José A. Silva Michelena)

670 ## - SOURCE DATA FOUND

  • Source citation: Latin America, 1988:
  • Information found: CIP t.p. (José Silva Michelena)

670 ## - SOURCE DATA FOUND

  • Source citation: Los Factores de la paz, 1987:
  • Information found: t.p. (José A. Silva Michelena) p. 224 (sociólogo venezolano; d. 12-8-1986)

670 ## - SOURCE DATA FOUND

  • Source citation: Aspectos socioeconomicos ... 1960:
  • Information found: t.p. (J.A. Silva-Michelena)

670 ## - SOURCE DATA FOUND

  • Source citation: Sonntag, Heinz R. Jose Agustín Silva Michelena, 2010:
  • Information found: t.p. (b. 1934; d. 1986) p. 13 (b. Caracas, June 9, 1934)